Problem management : a guide for producers and players

Αποθηκεύτηκε σε:
Λεπτομέρειες βιβλιογραφικής εγγραφής
Κύριος συγγραφέας: Bryant, James W. Ph. D.
Μορφή: Βιβλίο
Γλώσσα:English
Δημοσίευση: Chichester, New York : Wiley, 1989
Θέματα:
Ετικέτες: Προσθήκη ετικέτας
Δεν υπάρχουν, Καταχωρήστε ετικέτα πρώτοι!

MARC

LEADER 00000nam a2200000 i 4500
001 1/38980
008 960123s1989 eng d
020 |a 0-471-93729-0 
035 |l 10024961 
040 |a GR-MY-UA  |b gre  |e aacr 
041 0 |a eng 
082 0 |a 153.43 
100 1 |a Bryant, James W.  |c Ph. D. 
245 1 0 |a Problem management :  |b a guide for producers and players /  |c Jim Bryant 
260 |a Chichester, New York :   |b Wiley,   |c 1989 
300 |a 340 p. 
500 |a Includes index 
650 0 0 |a Problem solving. 
852 |a INST  |b CHIOS  |e 19960123  |h 153.43 BRY  |p 005200003987  |q 005200003987  |t BK  |y 0 
909 |a Χ  |b 037481